000 00560nam a2200193 a 4500
001 9266
003 CO-ViMGA
008 141112s2004 ck r 000 u spa d
040 _aCO-ViMGA
_bspa
_cCO-ViMGA
082 0 4 _aMEVIGACOM.3 C925
100 1 _aCreus Sole ; Autor,
_99954
245 1 0 _aSimulación y control de procesos por ordenador.
260 _aBarcelona :
_bMarcombo,
_c1987
300 _a399p. : il
650 1 4 _aANALISIS SECUENCIAL
_99955
650 1 4 _aANALISIS TEMPORAL
_99956
650 1 4 _aCONTROL SIMULACION DE PROCESOS
_99957
942 _2ddc
_cBK
999 _c20800
_d20800